01009 a2200217 4500003000500000005001700005040000900022082001000031100002900041245009800070260003100168300001600199505028500215538002900500650001500529651001200544942000800556999001900564952010400583952010400687Nust20170207153214.0 cNust a005.1 aKhan, Rabia (MSCS-13) aA texture based watermarking scheme for audio in image using wavelet transformcRabia Khan  bMCS,NUSTc2009aRawalpindi axi, 79, p.; aIntroduction (page-1) Literature review (page-4) Signal analysis by wavelet theory and its preference over other transform domains (page-12) Methodology of proposed approaches (page-260 System design and implementation (page-45) Results and analysis (page-56) Conclusion (page-69) aAlmirah No 69 Shelf No 4 aPG Thesis aMSCS-13 cTHS c181527d181527 00102ddc40708NFICaMCSbMCSd2016-12-12l0o005.1 KHApMCSTCS-106r2016-12-08w2016-12-12yBK 00102ddc40708NFICaMCSbMCSd2016-12-12l0o005.1 KHApMCSTCS-165r2016-12-08w2016-12-12yBK